[Event "Flint (Class B/3)"]
[Site "?"]
[Date "1990.??.??"]
[Round "?"]
[White "Sundeen, David"]
[Black "Anderson, Connie"]
[Result "0-1"]
[WhiteElo "1740"]
[BlackElo "1650"]
[PlyCount "40"]
[EventDate "1990.??.??"]

1. e4 e5 2. f4 d6 3. Nf3 Nc6 4. Bc4 Bg4 5. Bxf7+ Kxf7 6. Ng5+ Qxg5 7. fxg5 Bxd1
8. Kxd1 Be7 9. d3 Rf8 10. Nc3 Ke8 11. Be3 h6 12. g6 Nf6 13. Kd2 Ng4 14. h3 Nxe3
15. Kxe3 Rf6 16. Nd5 Rxg6 17. Nxc7+ Kd7 18. Nd5 Rf8 19. g4 Nd4 20. Raf1 Bg5+
0-1

[Event "Detroit (MOR/7/19)"]
[Site "?"]
[Date "1990.??.??"]
[Round "?"]
[White "Sujarit, T."]
[Black "Rosenfield, C."]
[Result "0-1"]
[WhiteElo "1605"]
[BlackElo "1625"]
[PlyCount "122"]
[EventDate "1990.??.??"]

{7/(19)} 1. e4 c5 2. Nf3 Nc6 3. Nc3 g6 4. d4 cxd4 5. Nxd4 Bg7 6. Be3 e6 7. Bc4
Nge7 8. O-O O-O 9. f4 a6 10. Nxc6 Nxc6 11. e5 b5 12. Bb3 Bb7 13. Ne4 Qc7 14.
Bc5 Rfd8 15. Qd6 Rac8 16. Qxc7 Rxc7 17. Bb6 Rdc8 18. Nd6 Ne7 19. Bxc7 Rxc7 20.
Nxb7 Rxb7 21. c4 bxc4 22. Bxc4 Rxb2 23. Bxa6 Rd2 24. a4 d6 25. exd6 Rxd6 26.
Ra2 Rxa6 27. Rd1 Nd5 28. g4 Bf8 29. Rf1 Ne3 30. Rb1 Nxg4 31. a5 Bc5+ 32. Kg2
Ne3+ 33. Kf3 Nd5 34. Rb3 Bd6 35. Ke4 Bxf4 36. h4 h5 37. Kd4 Bc7 38. Rb5 Bg3 39.
Rxd5 exd5 40. Kxd5 Bxh4 41. Kc5 Be1 42. Kb5 Rxa5+ 43. Rxa5 Bxa5 44. Kxa5 h4 45.
Kb5 h3 46. Kc5 h2 47. Kd4 h1=Q 48. Ke5 Qf3 49. Kd6 g5 50. Ke5 g4 51. Kd6 g3 52.
Ke5 g2 53. Kd6 g1=R 54. Ke5 Re1+ 55. Kd4 Qf2+ 56. Kd3 Qe2+ 57. Kd4 Rd1+ 58. Kc3
Qd2+ 59. Kb3 Rc1 60. Ka3 Rb1 61. Ka4 Qa2# 0-1

[Event "Lansing (MI Am/4/46)"]
[Site "?"]
[Date "1990.??.??"]
[Round "?"]
[White "Sujarit, T."]
[Black "Pontoni, M."]
[Result "1-0"]
[WhiteElo "1605"]
[BlackElo "1605"]
[PlyCount "61"]
[EventDate "1990.??.??"]

{4/(46)} 1. d4 Nf6 2. e3 g6 3. Bd3 Bg7 4. f4 b6 5. Qf3 Nc6 6. Nc3 Bb7 7. Nge2
Rb8 8. O-O Nxd4 9. Qg3 Nxe2+ 10. Bxe2 Nd5 11. Nxd5 Bxd5 12. f5 O-O 13. fxg6
fxg6 14. Rxf8+ Qxf8 15. Qxc7 Rb7 16. Qg3 d6 17. c3 Be5 18. Qh4 e6 19. e4 Bf6
20. Qg4 Bc6 21. Qxe6+ Rf7 22. Bf4 Qe7 23. Bc4 Be8 24. Bxd6 Qd8 25. Rf1 Kg7 26.
e5 b5 27. exf6+ Rxf6 28. Rxf6 bxc4 29. Bf8+ Kh8 30. Bh6 Qd1+ 31. Rf1 1-0

[Event "Detroit (MOR/6/24)"]
[Site "?"]
[Date "1990.??.??"]
[Round "?"]
[White "Sujarit, T."]
[Black "McGinniss, M."]
[Result "1/2-1/2"]
[WhiteElo "1605"]
[BlackElo "1605"]
[PlyCount "55"]
[EventDate "1990.??.??"]

{6/(24)} 1. e4 c5 2. Nf3 Nc6 3. Nc3 g6 4. Bc4 Bg7 5. O-O e6 6. d3 Na5 7. e5 a6
8. a3 Nxc4 9. dxc4 Qc7 10. Re1 f5 11. exf6 Nxf6 12. Nd5 Nxd5 13. cxd5 O-O 14.
d6 Qd8 15. Bg5 Bf6 16. Bh6 Bg7 17. Qd2 Rf5 18. Bxg7 Kxg7 19. Ne5 b6 20. b4 Qf6
21. Ng4 Qd4 22. Qh6+ Kh8 23. Ne5 Qxf2+ 24. Kh1 Bb7 25. Nxg6+ Kg8 26. Ne7+ Kh8
27. Ng6+ Kg8 28. Ne7+ 1/2-1/2

[Event "Detroit (MOR/1b/8)"]
[Site "?"]
[Date "1990.??.??"]
[Round "?"]
[White "Sujarit, T."]
[Black "McDonough, J."]
[Result "0-1"]
[WhiteElo "1605"]
[BlackElo "1735"]
[PlyCount "64"]
[EventDate "1990.??.??"]

1. d4 c6 2. e3 d5 3. b3 Nf6 4. Bd3 Nbd7 5. f4 e6 6. Bb2 c5 7. dxc5 Bxc5 8. Qf3
b5 9. Nd2 Qb6 10. Ne2 Bxe3 11. Rb1 Bb7 12. Bxf6 Nxf6 13. Bxb5+ Ke7 14. Bd3 d4
15. Qg3 Ba6 16. Nc4 Qb4+ 17. Kd1 Bxc4 18. c3 dxc3 19. Qxe3 Bxd3 20. Nd4 Rac8
21. Qxd3 Rhd8 22. Nf5+ exf5 23. Re1+ Kf8 24. Qxd8+ Rxd8+ 25. Kc1 Qa3+ 26. Kc2
Ne4 27. Red1 Qxa2+ 28. Kc1 Rxd1+ 29. Kxd1 Qxb1+ 30. Ke2 c2 31. Kd3 c1=Q+ 32.
Kd4 Qc5# 0-1

[Event "Lansing (MI Am/3/44)"]
[Site "?"]
[Date "1990.??.??"]
[Round "?"]
[White "Sujarit, T."]
[Black "Ladomer, W."]
[Result "0-1"]
[WhiteElo "1605"]
[BlackElo "1605"]
[PlyCount "74"]
[EventDate "1990.??.??"]

{3/(44)} 1. e4 e5 2. Nf3 Nc6 3. Bc4 Nf6 4. Nc3 Bc5 5. O-O O-O 6. Nh4 Nxe4 7.
Qg4 d5 8. Nf5 Bxf5 9. Qxf5 Nxc3 10. dxc3 dxc4 11. b4 Bd6 12. Qe4 Qd7 13. Qxc4
Ne7 14. f4 Qc6 15. Qd3 Rad8 16. Rd1 h6 17. Kh1 exf4 18. Bxf4 Bxf4 19. Qxd8 Rxd8
20. Rxd8+ Kh7 21. Rf1 Qxc3 22. Rd3 Qxc2 23. Rdf3 Nd5 24. R3f2 Qe4 25. Kg1 Be3
26. h3 Bxf2+ 27. Rxf2 Qxb4 28. Rxf7 Ne3 29. Rf3 Qe1+ 30. Kh2 Nf1+ 31. Rxf1 Qxf1
32. Kg3 c5 33. a4 c4 34. a5 c3 35. a6 bxa6 36. Kh4 g5+ 37. Kg3 Qf4# 0-1

[Event "Detroit (MOR/3/55)"]
[Site "?"]
[Date "1990.??.??"]
[Round "?"]
[White "Sujarit, T."]
[Black "Bannister, K."]
[Result "1-0"]
[WhiteElo "1605"]
[BlackElo "1605"]
[PlyCount "51"]
[EventDate "1990.??.??"]

{3/(55)} 1. e4 e5 2. Nf3 Nc6 3. Bb5 d6 4. Bxc6+ bxc6 5. O-O d5 6. Re1 f6 7. d4
Bd6 8. dxe5 Bxe5 9. exd5 Ne7 10. Nxe5 fxe5 11. Rxe5 O-O 12. Bg5 Rf7 13. Qe2 Kf8
14. dxc6 Qd6 15. Nc3 Bf5 16. Rd1 Qxc6 17. Bxe7+ Kg8 18. Nd5 Bxc2 19. Rd2 Bb1
20. Bd8 Rxd8 21. Ne7+ Rxe7 22. Rxd8+ Kf7 23. Rxe7+ Kf6 24. Rf8+ Kg5 25. Re5+
Kh4 26. Qh5# 1-0

[Event "Detroit (MOR/4/48)"]
[Site "?"]
[Date "1990.??.??"]
[Round "?"]
[White "Sujarit, P."]
[Black "Smith, Lester"]
[Result "1-0"]
[WhiteElo "1605"]
[BlackElo "1605"]
[PlyCount "135"]
[EventDate "1990.??.??"]

{4/(48)} 1. e4 e5 2. Nf3 Nf6 3. Nxe5 Qe7 4. d4 d6 5. Nf3 Nxe4 6. Be3 g6 7. h3
Bh6 8. Qd3 Ng3 9. Rh2 Bf5 10. Qb3 b6 11. fxg3 Bxe3 12. Be2 O-O 13. Nc3 Nc6 14.
Nd5 Qe6 15. Nxe3 Rfe8 16. Qxe6 Rxe6 17. Nxf5 gxf5 18. Kd2 Rae8 19. Re1 Rg6 20.
c3 Rxg3 21. Bb5 Rxe1 22. Kxe1 Ne7 23. Kf2 Rg6 24. Rh1 c5 25. d5 Nxd5 26. g3 f4
27. g4 Ne3 28. Nh4 Re6 29. Nf5 d5 30. Nxe3 fxe3+ 31. Ke2 d4 32. Rf1 Kg7 33. Bc4
Re7 34. h4 f6 35. g5 fxg5 36. hxg5 Kg6 37. Rg1 h5 38. gxh6+ Kxh6 39. Bd3 Rf7
40. Rf1 Rg7 41. Rh1+ Kg5 42. Rg1+ Kf6 43. Rxg7 Kxg7 44. cxd4 cxd4 45. Kf3 Kf6
46. Ke4 Ke6 47. Kxd4 Kd6 48. Kxe3 Kc5 49. a3 a5 50. Ke4 b5 51. b3 b4 52. a4 Kc6
53. Kd4 Kb6 54. Bb5 Ka7 55. Kc5 Kb7 56. Bc4 Ka7 57. Kb5 Kb7 58. Kxa5 Ka7 59.
Kxb4 Kb6 60. a5+ Ka7 61. Kc5 Kb7 62. b4 Ka7 63. Kc6 Ka8 64. b5 Ka7 65. Kc7 Ka8
66. a6 Ka7 67. b6+ Ka8 68. b7+ 1-0

[Event "Lansing (MI Am/4/25)"]
[Site "?"]
[Date "1990.??.??"]
[Round "?"]
[White "Sujarit, P."]
[Black "Smalec, John"]
[Result "0-1"]
[WhiteElo "1605"]
[BlackElo "1755"]
[PlyCount "40"]
[EventDate "1990.??.??"]

{4/(25)} 1. d4 Nf6 2. e3 d5 3. Bd3 Nc6 4. c3 e5 5. dxe5 Nxe5 6. h3 Nxd3+ 7.
Qxd3 Bd6 8. Nd2 O-O 9. f4 Re8 10. g4 Bxf4 11. Ndf3 Bg3+ 12. Kd1 Ne4 13. Qf1
Nf2+ 14. Kc2 Qe7 15. b3 Bd7 16. Qg2 Qe4+ 17. Kb2 Nd1+ 18. Ka3 Bd6+ 19. b4 Nxc3
20. Qd2 Qxb4# 0-1

[Event "Flint (MI Senior/4/3)"]
[Site "?"]
[Date "1990.??.??"]
[Round "?"]
[White "Sujarit, P."]
[Black "Pence, Mark"]
[Result "0-1"]
[WhiteElo "1605"]
[BlackElo "2090"]
[PlyCount "60"]
[EventDate "1990.??.??"]

{4/(3)} 1. d4 Nf6 2. e3 d5 3. Bd3 g6 4. Nd2 Bg7 5. f4 O-O 6. Ngf3 b6 7. b4 Bb7
8. a4 Nbd7 9. Ba3 c5 10. bxc5 bxc5 11. c3 Ne4 12. Qc2 cxd4 13. exd4 Ndf6 14.
O-O Rc8 15. Bb2 Qc7 16. Ra3 Qxf4 17. Nxe4 dxe4 18. Bc1 exd3 19. Qxd3 Qd6 20.
Ne5 Ne4 21. Rb3 Ba8 22. Nc4 Qd5 23. Nd2 Nxd2 24. Qxd2 Qxb3 25. Qe2 Qxc3 26. Bb2
Bxd4+ 27. Kh1 Qxb2 28. Qxb2 Bxb2 29. h4 Rc1 30. Rxc1 Bxc1 0-1

[Event "Lansing (MI Am/2/49)"]
[Site "?"]
[Date "1990.??.??"]
[Round "?"]
[White "Sujarit, P."]
[Black "Motley, Gerald"]
[Result "1/2-1/2"]
[WhiteElo "1605"]
[BlackElo "1605"]
[PlyCount "129"]
[EventDate "1990.??.??"]

{2/(49)} 1. d4 d5 2. e3 Nf6 3. Bd3 Bg4 4. f3 Bh5 5. g4 Bg6 6. h4 Bxd3 7. cxd3
e6 8. g5 Nfd7 9. f4 Be7 10. Nf3 c5 11. Kf2 Nc6 12. a3 Qc7 13. Nc3 a6 14. dxc5
Bxc5 15. d4 Bb6 16. b4 Nxb4 17. axb4 Qxc3 18. Bd2 Qc7 19. Qa4 O-O 20. h5 g6 21.
Rac1 Qd8 22. Rc3 Rc8 23. Rxc8 Qxc8 24. Rc1 Qd8 25. h6 f6 26. Kg3 Bc7 27. b5 Nb6
28. Qb3 Nc4 29. Bb4 Rf7 30. bxa6 bxa6 31. Rxc4 dxc4 32. Qxc4 fxg5 33. Ne5 gxf4+
34. exf4 Qc8 35. Kg4 Rxf4+ 36. Kg3 Rf6 37. Kg2 Qb7+ 38. Nc6 a5 39. Bc3 Kf7 40.
d5 exd5 41. Qxd5+ Ke8 42. Bxf6 Qc8 43. Kf2 Qf5+ 44. Qxf5 gxf5 45. Kf3 Kf7 46.
Bg7 Kg6 47. Ne7+ Kg5 48. Nd5 Bd8 49. Nf4 Bf6 50. Ne6+ Kg6 51. Nf8+ Kf7 52. Nxh7
Bxg7 53. Ng5+ Kg8 54. hxg7 Kxg7 55. Ne6+ Kf6 56. Nd4 a4 57. Ke2 a3 58. Nb3 Ke5
59. Kd3 f4 60. Kc2 f3 61. Nd2 f2 62. Kb3 Kf4 63. Kxa3 Ke3 64. Nf1+ Ke2 65. Ng3+
1/2-1/2

[Event "Flint (MI Senior/2/9)"]
[Site "?"]
[Date "1990.??.??"]
[Round "?"]
[White "Sujarit, P."]
[Black "Moore, H."]
[Result "1-0"]
[WhiteElo "1605"]
[BlackElo "1605"]
[PlyCount "117"]
[EventDate "1990.??.??"]

{2/(9)} 1. d4 g6 2. e3 Bg7 3. f4 c6 4. Nf3 d6 5. Bd3 Qc7 6. O-O Nd7 7. c3 f5 8.
e4 e6 9. e5 d5 10. b4 a6 11. a4 b6 12. Bb2 a5 13. Nbd2 axb4 14. cxb4 Bf8 15.
Qb3 Bh6 16. g3 Ba6 17. Bxa6 Rxa6 18. Rfc1 Ne7 19. b5 Ra7 20. Ba3 c5 21. dxc5
O-O 22. c6 Nc5 23. Bxc5 bxc5 24. Rxc5 Qb6 25. Rac1 Rfa8 26. Kg2 Nc8 27. Nd4 Bf8
28. Nxe6 Qa5 29. Rxd5 Nb6 30. Rd3 Qxa4 31. Qxa4 Rxa4 32. Nxf8 Kxf8 33. c7 Ke7
34. Kf3 Rb4 35. Rb1 Rba4 36. Nf1 Rc4 37. Ne3 Rc5 38. Rd6 Rc3 39. Rxb6 Raa3 40.
Re1 Kd7 41. Ra6 Rab3 42. b6 Kc8 43. Ra8+ Kb7 44. Rb8+ Ka6 45. c8=Q+ Rxc8 46.
Rxc8 Rxb6 47. Rc3 Kb7 48. Rd1 h6 49. h4 Ka6 50. Rd6 g5 51. Rxb6+ Kxb6 52. hxg5
hxg5 53. Nxf5 g4+ 54. Kxg4 Kb5 55. Kf3 Kb4 56. Rc8 Kb5 57. Nd6+ Kb6 58. f5 Ka7
59. f6 1-0

[Event "Detroit (MOR/6/19)"]
[Site "?"]
[Date "1990.??.??"]
[Round "?"]
[White "Sujarit, P."]
[Black "Mohammed, Azziem"]
[Result "1/2-1/2"]
[WhiteElo "1675"]
[BlackElo "1605"]
[PlyCount "61"]
[EventDate "1990.??.??"]

{6/(19)} 1. e4 g6 2. d4 Bg7 3. c3 d6 4. f4 e5 5. dxe5 Bxe5 6. Nf3 Bg7 7. Bc4
Be6 8. Bxe6 fxe6 9. O-O Nd7 10. f5 e5 11. Bg5 Bf6 12. Bxf6 Qxf6 13. fxg6 hxg6
14. Nd4 Qh4 15. Nf3 Qxe4 16. Nbd2 Qe3+ 17. Kh1 O-O-O 18. Qa4 a6 19. Ne4 Nb6 20.
Qc2 Rd7 21. Neg5 Rxh2+ 22. Kxh2 Nf6 23. Qxg6 Ng4+ 24. Kh3 Nf2+ 25. Kg3 Nd3 26.
Qe4 Qxe4 27. Nxe4 d5 28. Nxe5 Rg7+ 29. Ng4 dxe4 30. Rf8+ Kd7 31. Raf1 {
[Remainder illegible]} 1/2-1/2

[Event "Detroit (MOR/2/46)"]
[Site "?"]
[Date "1990.??.??"]
[Round "?"]
[White "Sujarit, P."]
[Black "Krzyston, Joe"]
[Result "0-1"]
[WhiteElo "1605"]
[BlackElo "1605"]
[PlyCount "58"]
[EventDate "1990.??.??"]

{2/(46)} 1. d4 Nf6 2. e3 e6 3. Bd3 d5 4. Nd2 Nbd7 5. f4 c5 6. c3 c4 7. Bc2 Be7
8. Ngf3 O-O 9. Ne5 Nxe5 10. fxe5 Nd7 11. g3 f6 12. h4 fxe5 13. e4 exd4 14. cxd4
e5 15. Nf3 Nf6 16. Ng5 Bg4 17. Qd2 Bd6 18. exd5 Qe7 19. O-O exd4 20. Qxd4 Bc5
21. Be3 Bxd4 22. Bxd4 Nh5 23. Bxh7+ Kh8 24. Rae1 Rxf1+ 25. Rxf1 Nxg3 26. Bxg7+
Kxg7 27. Ne6+ Bxe6 28. dxe6 Nxf1 29. Kxf1 Qf6+ 0-1

[Event "Lansing (MI Am/4/34)"]
[Site "?"]
[Date "1990.??.??"]
[Round "?"]
[White "Sujarit, A."]
[Black "Pope, Nick"]
[Result "1-0"]
[WhiteElo "1605"]
[BlackElo "1605"]
[PlyCount "123"]
[EventDate "1990.??.??"]

{4/(34)} 1. e4 e6 2. d4 d5 3. Nd2 c5 4. c3 Nc6 5. Ngf3 Nf6 6. exd5 exd5 7. dxc5
Bxc5 8. Nb3 Bd6 9. Be2 Be6 10. O-O O-O 11. Re1 Qc7 12. h3 Rfe8 13. Ng5 Bf5 14.
Be3 h6 15. Nf3 Rad8 16. Nbd4 Nxd4 17. Bxd4 Ne4 18. Be3 a6 19. Kh1 Ng3+ 20. Kg1
Nxe2+ 21. Qxe2 Bf4 22. Qd2 Bxe3 23. Rxe3 Rxe3 24. Qxe3 Kf8 25. Re1 Be6 26. Nd4
Re8 27. Qf3 Qd7 28. a3 Re7 29. Qf4 Kg8 30. Qb8+ Re8 31. Qf4 Qd8 32. Nf3 Bd7 33.
Rd1 Bc6 34. Nd4 Re4 35. Qg3 Qh4 36. Qh2 Qe7 37. Nf3 Re2 38. b4 d4 39. Qb8+ Qe8
40. Qxe8+ Rxe8 41. Nxd4 Rd8 42. Re1 Bd5 43. Re3 Bc4 44. a4 b5 45. a5 Kf8 46. f4
Re8 47. Kf2 Rxe3 48. Kxe3 Bd5 49. g3 g6 50. Nf3 Ke7 51. Ne5 Kd6 52. Kd4 g5 53.
Ng4 gxf4 54. gxf4 h5 55. Nf6 Be6 56. h4 Bg4 57. Ke4 Be2 58. Kf5 Bf3 59. Kg5 Ke7
60. Nxh5 Bxh5 61. Kxh5 f5 62. Kg6 1-0

[Event "Detroit (MOR/3/7)"]
[Site "?"]
[Date "1990.??.??"]
[Round "?"]
[White "Sujarit, A."]
[Black "Lewis, James"]
[Result "0-1"]
[WhiteElo "1605"]
[BlackElo "1720"]
[PlyCount "72"]
[EventDate "1990.??.??"]

{3/(7)} 1. e4 e5 2. Nf3 Nc6 3. Bb5 Nd4 4. Nxd4 exd4 5. c3 Qg5 6. Bf1 Bc5 7. d3
Qe7 8. Qc2 Nf6 9. Nd2 dxc3 10. Qxc3 O-O 11. Be2 d5 12. Nb3 Bb4 13. Bd2 Bxc3 14.
Bxc3 dxe4 15. O-O-O Bg4 16. Bxg4 Nxg4 17. Bd4 b6 18. dxe4 c5 19. f3 cxd4 20.
fxg4 Rac8+ 21. Kb1 Qxe4+ 22. Ka1 d3 23. Rhe1 Qc4 24. Rd2 Rc7 25. Rdd1 Rfc8 26.
Rb1 Qxg4 27. g3 Rc2 28. h3 Qd7 29. a3 Qd5 30. Ka2 d2 31. Red1 a5 32. a4 R8c4
33. Ka3 Qd6+ 34. Nc5 Qxc5+ 35. b4 R4c3+ 36. Rb3 Qxb4# 0-1

[Event "Detroit (MOR/710)"]
[Site "?"]
[Date "1990.??.??"]
[Round "?"]
[White "Sujarit, A."]
[Black "Grzegorczyk, Ron"]
[Result "1/2-1/2"]
[WhiteElo "1605"]
[BlackElo "1705"]
[PlyCount "66"]
[EventDate "1990.??.??"]

1. e4 c5 2. Nf3 Nc6 3. d4 cxd4 4. Nxd4 e5 5. Nf3 Nf6 6. Nc3 a6 7. a3 Be7 8. Be2
O-O 9. O-O b5 10. Be3 Bb7 11. h3 Qc7 12. Bg5 h6 13. Bxf6 Bxf6 14. Nd5 Qd8 15.
Nxf6+ Qxf6 16. Qxd7 Rab8 17. Qd2 Rfd8 18. Bd3 Nd4 19. Nxd4 Rxd4 20. Qe3 Qc6 21.
f3 Rbd8 22. Kh2 a5 23. Rac1 Qd7 24. Qe2 b4 25. axb4 axb4 26. b3 Qe7 27. Qe3 Qd6
28. Ra1 Bc8 29. Rfe1 Be6 30. Rab1 Qc7 31. Qe2 Qe7 32. Qe3 Kh7 33. Kg1 Kg8
1/2-1/2

[Event "Detroit (MOR/2/17)"]
[Site "?"]
[Date "1990.??.??"]
[Round "?"]
[White "Sujarit, A."]
[Black "Fiedler, Robert"]
[Result "1-0"]
[WhiteElo "1605"]
[BlackElo "1720"]
[PlyCount "105"]
[EventDate "1990.??.??"]

{2/(17)} 1. e4 c5 2. Nf3 Nc6 3. d4 cxd4 4. Nxd4 d6 5. Nc3 Nf6 6. f4 e6 7. Be3
Be7 8. Be2 Qb6 9. b3 a6 10. Qd2 Qc7 11. O-O O-O 12. Rad1 Nxd4 13. Bxd4 e5 14.
Be3 Bg4 15. Bxg4 Nxg4 16. Nd5 Qd8 17. Bb6 Qd7 18. Bc7 Rfe8 19. Nxe7+ Rxe7 20.
Bxd6 Rd8 21. f5 Qc6 22. h3 Red7 23. hxg4 Rxd6 24. Qe2 Qc5+ 25. Kh2 Rxd1 26.
Rxd1 Rd4 27. Rxd4 exd4 28. a4 f6 29. Qc4+ Qxc4 30. bxc4 Kf7 31. Kg3 Ke7 32. Kf3
Kd6 33. Ke2 Ke5 34. Kd3 b6 35. g3 h6 36. c3 dxc3 37. Kxc3 Kxe4 38. Kb3 Kf3 39.
a5 bxa5 40. c5 Kxg3 41. c6 Kxg4 42. c7 h5 43. c8=Q h4 44. Qc4+ Kg3 45. Qd3+ Kg4
46. Qe4+ Kg3 47. Qe1+ Kg4 48. Qg1+ Kxf5 49. Qxg7 h3 50. Qg3 Ke4 51. Qxh3 Ke5
52. Qf3 f5 53. Ka4 1-0

[Event "Lansing (MI Am/2/38)"]
[Site "?"]
[Date "1990.??.??"]
[Round "?"]
[White "Sujarit, A."]
[Black "Charnesky, B."]
[Result "1-0"]
[WhiteElo "1605"]
[BlackElo "2725"]
[PlyCount "65"]
[EventDate "1990.??.??"]

{2/(38)} 1. e4 e5 2. Nf3 Nc6 3. Bb5 a6 4. Ba4 b5 5. Bb3 Bc5 6. c3 Nf6 7. d4
exd4 8. cxd4 Bb4+ 9. Nbd2 Bxd2+ 10. Qxd2 Nxe4 11. Qf4 d5 12. O-O O-O 13. Bc2
Re8 14. Bd2 Nxd2 15. Qxd2 Bg4 16. Qd3 f5 17. Bd1 Nb4 18. Qd2 Bxf3 19. Bxf3 Qh4
20. Qxb4 a5 21. Bxd5+ Kh8 22. Qxb5 Qxd4 23. Bxa8 Rxa8 24. Qxf5 g6 25. Qc2 h5
26. Rad1 Qb4 27. a3 Qb5 28. Rb1 Rc8 29. Qxg6 Qd5 30. Qf6+ Kh7 31. Rfe1 c5 32.
Re7+ Kg8 33. Qg7# 1-0

[Event "Detroit (MOR/5/38)"]
[Site "?"]
[Date "1990.??.??"]
[Round "?"]
[White "Sujarit, A."]
[Black "Borhani-Azar, C."]
[Result "1-0"]
[WhiteElo "1605"]
[BlackElo "1605"]
[PlyCount "101"]
[EventDate "1990.??.??"]

{5/(38)} 1. e4 e5 2. Nf3 Nc6 3. Bb5 d6 4. h3 Bd7 5. O-O Nf6 6. Re1 a6 7. Ba4 b5
8. Bb3 Be6 9. c3 Be7 10. Ng5 Qd7 11. d3 h6 12. Nxe6 fxe6 13. Be3 O-O 14. Qf3 d5
15. Qg3 g5 16. h4 Nh7 17. hxg5 Bxg5 18. Bxg5 Nxg5 19. Nd2 d4 20. Nf3 Qg7 21.
Nxg5 Qxg5 22. Bxe6+ Kg7 23. Qxg5+ hxg5 24. Bd5 Rf6 25. cxd4 Raf8 26. Rec1 Nxd4
27. Rxc7+ Kg6 28. f3 g4 29. Kf2 gxf3 30. g3 Ne2 31. Rc6 Rxc6 32. Bxc6 Kg5 33.
Rh1 Kg4 34. Bd7+ Kg5 35. Rh4 Nxg3 36. Rg4+ Kh5 37. Rxg3 Kh4 38. Rh3+ Kg5 39.
Bf5 Rd8 40. Rxf3 b4 41. Ke3 a5 42. Rg3+ Kf6 43. Rg6+ Kf7 44. Ra6 Rh8 45. Rxa5
Rh2 46. Rxe5 Rxb2 47. Rb5 Rxa2 48. Rxb4 Ra3 49. Rb7+ Kf6 50. Rb6+ Ke5 51. Re6#
1-0

[Event "Flint (MI Senior/3/7)"]
[Site "?"]
[Date "1990.??.??"]
[Round "?"]
[White "Suess, J."]
[Black "Sujarit, P."]
[Result "0-1"]
[WhiteElo "1605"]
[BlackElo "1605"]
[PlyCount "140"]
[EventDate "1990.??.??"]

{3/(7)} 1. e4 e5 2. Nc3 Nf6 3. Nf3 Nc6 4. Bc4 h6 5. d3 d6 6. h3 Be7 7. Be3 O-O
8. g4 Nxg4 9. hxg4 Bxg4 10. Rg1 Bh5 11. Qe2 g5 12. O-O-O Kg7 13. Rh1 Bg6 14.
Nd2 f5 15. f3 f4 16. Bf2 Nd4 17. Bxd4 exd4 18. Nd5 c5 19. Nxe7 Qxe7 20. Bd5
Rab8 21. Nb3 b6 22. Rh3 Rh8 23. Rdh1 Rh7 24. Nd2 a5 25. b3 b5 26. Qg2 a4 27.
Qg4 Rbh8 28. Qe6 Qxe6 29. Bxe6 Ra8 30. Bd7 axb3 31. Bxb5 bxc2 32. a4 Be8 33.
Kxc2 Bxb5 34. axb5 Ra2+ 35. Kc1 Kg6 36. Nc4 Ra1+ 37. Kb2 Rxh1 38. Rxh1 Rd7 39.
Ra1 g4 40. fxg4 Kg5 41. Ra6 Kxg4 42. e5 f3 43. exd6 f2 44. Ra1 Kg3 45. Ne5 Rxd6
46. Nf7 Rb6 47. Kc2 Kg2 48. Rb1 h5 49. Ne5 f1=Q 50. Rxf1 Kxf1 51. Kb3 Rxb5+ 52.
Kc4 Ra5 53. Nf3 Kf2 54. Nd2 h4 55. Nb3 Ra2 56. Nxc5 Rc2+ 57. Kxd4 Rxc5 58. Kxc5
h3 59. d4 h2 60. d5 h1=Q 61. d6 Qh8 62. d7 Qd8 63. Kd6 Kf3 64. Ke6 Kf4 65. Kd6
Kf5 66. Kc6 Ke6 67. Kb7 Qxd7+ 68. Kb8 Kd6 69. Ka8 Kc6 70. Kb8 Qb7# 0-1

[Event "Lansing (Feb)"]
[Site "?"]
[Date "1990.??.??"]
[Round "?"]
[White "Suess, J."]
[Black "Smeckert, Dennis"]
[Result "0-1"]
[WhiteElo "1605"]
[BlackElo "1605"]
[PlyCount "120"]
[EventDate "1990.??.??"]

1. e4 e5 2. Nc3 Nf6 3. Bc4 c6 4. Nf3 b5 5. Bb3 Bd6 6. d3 O-O 7. a3 Qa5 8. Bd2
Qb6 9. Qe2 Bc7 10. Be3 Qb7 11. d4 d6 12. O-O Bg4 13. Bg5 Nbd7 14. h3 Bxf3 15.
Qxf3 exd4 16. Ne2 c5 17. Ng3 c4 18. Ba2 Rae8 19. Rae1 h6 20. Bxf6 Nxf6 21. Bb1
Re6 22. c3 d3 23. Rd1 Nxe4 24. Rfe1 d5 25. Nxe4 Rxe4 26. b3 Rfe8 27. Rf1 Qb6
28. g3 R8e6 29. Qg2 Qd6 30. bxc4 bxc4 31. a4 Re2 32. Bxd3 cxd3 33. Rxd3 R6e5
34. c4 Ra2 35. Rxd5 Rxd5 36. Qxd5 Qxd5 37. cxd5 Rxa4 38. Rd1 Bb6 39. d6 Rd4 40.
Rxd4 Bxd4 41. d7 Bb6 42. Kf1 Kf8 43. f3 Ke7 44. Ke2 Kxd7 45. Kd3 Bf2 46. g4 a5
47. Kc4 Be1 48. f4 Ke6 49. Kd3 f5 50. Ke2 Bb4 51. Kf3 a4 52. g5 a3 53. Kg3 a2
54. Kh4 hxg5+ 55. Kxg5 a1=Q 56. Kg6 Bc3 57. Kh7 Qg1 58. h4 Qg4 59. Kg8 Qxh4 60.
Kf8 g6 0-1

[Event "Flint (Class DEU/3)"]
[Site "?"]
[Date "1990.??.??"]
[Round "?"]
[White "Suess, J."]
[Black "Redding, T."]
[Result "1-0"]
[WhiteElo "1605"]
[BlackElo "1605"]
[PlyCount "111"]
[EventDate "1990.??.??"]

1. e4 e5 2. Nc3 Nf6 3. Bc4 Bc5 4. d3 Nc6 5. a3 Qe7 6. b4 Bd4 7. Bb2 a6 8. Rb1
d6 9. Nce2 Bxf2+ 10. Kxf2 Ng4+ 11. Ke1 Ne3 12. Qd2 Nxg2+ 13. Kd1 Qf6 14. c3 Qf2
15. Kc2 Ne3+ 16. Kb3 Nxc4 17. dxc4 b5 18. Qe1 Qe3 19. Ng3 Nd4+ 20. Ka2 Qd3 21.
cxd4 Qxc4+ 22. Ka1 Be6 23. d5 Bg4 24. Rc1 Qb3 25. Rc3 Qa4 26. N1e2 a5 27. Qd1
axb4 28. Qxa4 Rxa4 29. Rxc7 O-O 30. Rhc1 b3 31. Nc3 Ra5 32. Nb1 g6 33. R7c6 Rd8
34. Rb6 Kf8 35. Nf1 Be2 36. Nfd2 Bd3 37. Nxb3 Ra4 38. N1d2 b4 39. Rxb4 Rxb4 40.
axb4 f5 41. Rc3 fxe4 42. Nc1 Ba6 43. Nxe4 Rb8 44. Na2 Ke7 45. Rc6 Rd8 46. Rxa6
h6 47. b5 Kd7 48. Rxd6+ Kc7 49. b6+ Kc8 50. Rxd8+ Kxd8 51. Bxe5 Kc8 52. Bc7 g5
53. Nb4 g4 54. Ng3 h5 55. Nxh5 Kd7 56. d6 1-0

[Event "Flint (Class DEU/2)"]
[Site "?"]
[Date "1990.??.??"]
[Round "?"]
[White "Suess, J."]
[Black "Patterson, S."]
[Result "1-0"]
[WhiteElo "1605"]
[BlackElo "1605"]
[PlyCount "125"]
[EventDate "1990.??.??"]

1. e4 e6 2. Nf3 b6 3. Nc3 g6 4. d4 Nf6 5. Bg5 Bg7 6. e5 h6 7. Bxf6 Bxf6 8. exf6
Qxf6 9. Ne4 Qd8 10. Ne5 O-O 11. Qg4 h5 12. Qe2 d6 13. Nf3 Ba6 14. c4 d5 15.
Neg5 dxc4 16. Qe4 Nd7 17. Qc6 Rb8 18. Bxc4 Bb7 19. Qa4 Nf6 20. Qd1 Re8 21. O-O
Ng4 22. Qe2 Qd6 23. Ne4 Qf4 24. g3 Qh6 25. h3 Bxe4 26. Qxe4 Nf6 27. Qe5 Nd7 28.
Qxc7 Red8 29. Qf4 Qxf4 30. gxf4 b5 31. Bb3 Nf6 32. Bc2 a5 33. Ne5 Rxd4 34. Nc6
Rd2 35. Nxb8 Rxc2 36. b3 Ne4 37. Na6 Nd2 38. Rfc1 Nf3+ 39. Kg2 Nd4 40. Rxc2
Nxc2 41. Rc1 Nd4 42. Rc8+ Kg7 43. Nc5 Nf5 44. Ra8 Nh4+ 45. Kf1 f6 46. Rxa5 e5
47. fxe5 fxe5 48. Rxb5 Nf3 49. a4 Nh2+ 50. Kg2 Ng4 51. hxg4 hxg4 52. Kg3 Kh6
53. a5 Kh5 54. a6 e4 55. a7 e3 56. fxe3 Kg5 57. a8=Q Kh5 58. Ne6+ g5 59. Qh8+
Kg6 60. Rxg5+ Kf7 61. Qe5 Ke7 62. Rg7+ Ke8 63. Qb8# 1-0

[Event "Lansing (Mini-Swiss.3/3)"]
[Site "?"]
[Date "1990.??.??"]
[Round "?"]
[White "Suess, J."]
[Black "Krzyston, Joe"]
[Result "0-1"]
[WhiteElo "1605"]
[BlackElo "1605"]
[PlyCount "92"]
[EventDate "1990.??.??"]

{3/(3)} 1. e4 e5 2. Nc3 Nf6 3. Nf3 Bc5 4. Bc4 O-O 5. Na4 d6 6. Nxc5 dxc5 7. d3
Be6 8. Nxe5 Qd4 9. Nf3 Qd6 10. Bxe6 Qxe6 11. Ng5 Qd6 12. Qf3 Nbd7 13. Bf4 Ne5
14. Qe2 Qd4 15. O-O-O a5 16. Be3 Qb4 17. Bd2 Qb5 18. f4 Nc6 19. e5 Nd4 20. Qe1
Rfe8 21. Qf2 Qa4 22. Bc3 Ng4 23. Qd2 Qxa2 24. b3 Nb5 25. Bb2 a4 26. h3 Nh6 27.
c4 Qxb3 28. cxb5 Qxb5 29. Qc3 Nf5 30. e6 f6 31. Ne4 Nd4 32. Qxc5 Nb3+ 33. Kc2
Nxc5 34. Nxc5 Qxc5+ 35. Bc3 Rxe6 36. Rb1 Qf2+ 37. Bd2 Rc6+ 38. Kd1 Qxg2 39. Re1
Qf3+ 40. Re2 Qf1+ 41. Be1 Qxf4 42. Bd2 Qd4 43. Re1 a3 44. Re4 Qxd3 45. Rbb4 a2
46. Ra4 Qb3+ 0-1

[Event "Detroit (MOR/6/54)"]
[Site "?"]
[Date "1990.??.??"]
[Round "?"]
[White "Sturgis, Derreck"]
[Black "Yanalunas, J."]
[Result "1-0"]
[WhiteElo "1605"]
[BlackElo "1605"]
[PlyCount "59"]
[EventDate "1990.??.??"]

{6/(54)} 1. Nf3 d5 2. d4 Nf6 3. c4 c6 4. Nc3 dxc4 5. e4 e6 6. Bxc4 Bb4 7. Qd3
Ng4 8. O-O O-O 9. d5 cxd5 10. exd5 Qf6 11. Bg5 Qf5 12. Qxf5 exf5 13. Rad1 Bc5
14. h3 Bxf2+ 15. Rxf2 Nxf2 16. Kxf2 Na6 17. d6 Nc5 18. b4 Ne4+ 19. Nxe4 fxe4
20. Ne5 Re8 21. d7 Bxd7 22. Bxf7+ Kf8 23. Bxe8 Kxe8 24. Rxd7 h6 25. Be7 Rc8 26.
Bd6 Rc2+ 27. Ke3 Rc3+ 28. Kxe4 Rc8 29. Re7+ Kd8 30. Nf7# 1-0